Представление документа в формате MARC21

Поле Инд. ПП Название Значение
Тип записи a
Библиографический уровень b
001 Контрольный номер RU/IS/BASE/141142831
005 Дата корректировки 20200526074543.5
084 a Индекс другой классификации/Индекс ББК 60.51(4Гем)6-26; 60.51(7США)6-27
097 00 a 750
100 10 a Автор Антонов В. И.
100 1_ a Автор Очирова О. А.
245 00 a Заглавие Интерпретативная социология в представлении современного немецкого социолога Х. Абельса
504 00 a Библиография Библиогр. ссылки
520 00 a Аннотация В статье дан анализ книги "Интеракция, идентификация, презентация. Введение в интерпретативную социологию"
600 a Персоналии Абельс Хайнц
a Персоналии Гофман Эрвин
650 a Основная рубрика история социологии
a Основная рубрика социология
653 00 a Ключевые слова XX век
a Ключевые слова Германия
a Ключевые слова идентичность
a Ключевые слова интеракционизм
a Ключевые слова интеракция
a Ключевые слова интерпретативная социология
a Ключевые слова социологическая теория
a Ключевые слова социологическое знание
a Ключевые слова США
a Ключевые слова феноменологическая социология
773 00 t Заглавие источника Вестник Московского университета. Серия 18, Социология и политология
d Дата издания источника 2000
g Прочая информация № 4. - С. 146 - 163
w Контрольный № источника RU/IS/BASE/148579478
901 t Тип документа b